Fr. Conceicao Rodrigues College of Engineering

Adhesives in Modern Marketing (Record no. 19599)

MARC details
000 -LEADER
fixed length control field 00316nam a2200133Ia 4500
082 ## - DEWEY DECIMAL CLASSIFICATION NUMBER
Classification number 668.3
100 ## - MAIN ENTRY--PERSONAL NAME
Personal name Bruno/ E.J.
245 ## - TITLE STATEMENT
Title Adhesives in Modern Marketing
260 ## - PUBLICATION, DISTRIBUTION, ETC.
Name of publisher, distributor, etc. Society of Manufacturing Engineers
Place of publication, distribution, etc. Michigan
Date of publication, distribution, etc. 1970
300 ## - PHYSICAL DESCRIPTION
Extent 183
546 ## - LANGUAGE NOTE
Language note ENGLISH
654 ## - SUBJECT ADDED ENTRY--FACETED TOPICAL TERMS
Focus term Modern Marketing
942 ## - ADDED ENTRY ELEMENTS (KOHA)
Koha item type Reference Book
Holdings
Withdrawn status Lost status Damaged status Not for loan Collection Home library Current library Shelving location Date acquired Source of acquisition Cost, normal purchase price Inventory number Total Checkouts Full call number Barcode Date last seen Cost, replacement price Price effective from Koha item type
        AFT Fr. Agnel's C.Rodrigues College of Engineering Fr. Agnel's C.Rodrigues College of Engineering   17/03/2023 BBB 99.00 40   668.3 AFT3632 17/03/2023 99.00 17/03/2023 Reference Book